<?xml version="1.0" encoding="UTF-8"?>
<record
    xmlns:xsi="http://www.w3.org/2001/XMLSchema-instance"
    xsi:schemaLocation="http://www.loc.gov/MARC21/slim http://www.loc.gov/standards/marcxml/schema/MARC21slim.xsd"
    xmlns="http://www.loc.gov/MARC21/slim">

  <leader>05177nam a2200625Ii 4500</leader>
  <controlfield tag="001">DIGIBE0148</controlfield>
  <controlfield tag="003">NyNyDIG</controlfield>
  <controlfield tag="006">m     o  d        </controlfield>
  <controlfield tag="008">190430s2016    sp      ob    100 0 spa d</controlfield>
  <controlfield tag="007">cr |||||||||||</controlfield>
  <datafield tag="035" ind1=" " ind2=" ">
    <subfield code="a">(OCoLC)1099975219</subfield>
  </datafield>
  <datafield tag="040" ind1=" " ind2=" ">
    <subfield code="a">DGITA</subfield>
    <subfield code="b">eng</subfield>
    <subfield code="e">rda</subfield>
    <subfield code="e">pn</subfield>
    <subfield code="c">DGITA</subfield>
  </datafield>
  <datafield tag="020" ind1=" " ind2=" ">
    <subfield code="a">9783964561374</subfield>
    <subfield code="q">(eBook ;</subfield>
    <subfield code="q">pdf)</subfield>
  </datafield>
  <datafield tag="020" ind1=" " ind2=" ">
    <subfield code="a">3964561371</subfield>
    <subfield code="q">(eBook ;</subfield>
    <subfield code="q">pdf)</subfield>
  </datafield>
  <datafield tag="020" ind1=" " ind2=" ">
    <subfield code="z">9788484899846</subfield>
    <subfield code="q">(Iberoamericana)</subfield>
  </datafield>
  <datafield tag="020" ind1=" " ind2=" ">
    <subfield code="z">8484899845</subfield>
    <subfield code="q">(Iberoamericana)</subfield>
  </datafield>
  <datafield tag="020" ind1=" " ind2=" ">
    <subfield code="z">9783954875269</subfield>
    <subfield code="q">(Vervuert)</subfield>
  </datafield>
  <datafield tag="020" ind1=" " ind2=" ">
    <subfield code="z">3954875268</subfield>
    <subfield code="q">(Vervuert)</subfield>
  </datafield>
  <datafield tag="043" ind1=" " ind2=" ">
    <subfield code="a">e------</subfield>
    <subfield code="a">cl-----</subfield>
  </datafield>
  <datafield tag="050" ind1="1" ind2="4">
    <subfield code="a">PN56.C618 ebook</subfield>
  </datafield>
  <datafield tag="082" ind1="0" ind2="4">
    <subfield code="a">809.93353</subfield>
  </datafield>
  <datafield tag="111" ind1="2" ind2=" ">
    <subfield code="a">"Transiciones, Memorias e Identidades en Alemania y Argentina Contempor&#xE1;neas (Siglos XX y XXI)" (Workshop)</subfield>
    <subfield code="d">(2013 :</subfield>
    <subfield code="c">Universidad Nacional de La Plata),</subfield>
    <subfield code="j">author.</subfield>
  </datafield>
  <datafield tag="245" ind1="1" ind2="0">
    <subfield code="a">Transiciones, memorias e identidades en Europa y Am&#xE9;rica Latina /</subfield>
    <subfield code="c">Juan Ignacio Piovani, Clara Ruvituso, Nikolaus Werz (eds.).</subfield>
  </datafield>
  <datafield tag="264" ind1=" " ind2="1">
    <subfield code="a">Madrid :</subfield>
    <subfield code="b">Iberoamericana ;</subfield>
    <subfield code="a">Frankfurt am Main :</subfield>
    <subfield code="b">Vervuert Verlag,</subfield>
    <subfield code="c">2016.</subfield>
  </datafield>
  <datafield tag="300" ind1=" " ind2=" ">
    <subfield code="a">1 online resource.</subfield>
  </datafield>
  <datafield tag="336" ind1=" " ind2=" ">
    <subfield code="a">text</subfield>
    <subfield code="b">txt</subfield>
    <subfield code="2">rdacontent</subfield>
  </datafield>
  <datafield tag="337" ind1=" " ind2=" ">
    <subfield code="a">computer</subfield>
    <subfield code="b">c</subfield>
    <subfield code="2">rdamedia</subfield>
  </datafield>
  <datafield tag="338" ind1=" " ind2=" ">
    <subfield code="a">online resource</subfield>
    <subfield code="b">cr</subfield>
    <subfield code="2">rdacarrier</subfield>
  </datafield>
  <datafield tag="347" ind1=" " ind2=" ">
    <subfield code="a">text file</subfield>
    <subfield code="2">rdaft</subfield>
  </datafield>
  <datafield tag="347" ind1=" " ind2=" ">
    <subfield code="b">PDF</subfield>
  </datafield>
  <datafield tag="490" ind1="1" ind2=" ">
    <subfield code="a">Bibliotheca Ibero-Americana,</subfield>
    <subfield code="x">0067-8015 ;</subfield>
    <subfield code="v">165</subfield>
  </datafield>
  <datafield tag="500" ind1=" " ind2=" ">
    <subfield code="a">Proceedings of a conference organized by the University of Rostock and the National University of La Plata, held in May 2013.</subfield>
  </datafield>
  <datafield tag="504" ind1=" " ind2=" ">
    <subfield code="a">Includes bibliographical references.</subfield>
  </datafield>
  <datafield tag="505" ind1="0" ind2=" ">
    <subfield code="a">"Programa de investigaci&#xF3;n Rostock-La Plata : desafos de la construcci&#xF3;n de un campo problem&#xE1;tico conjunto en transiciones, memorias e identidades" / Juan Ignacio Piovani, Clara Ruvituso, Nikolaus Werz -- La democratizaci&#xF3;n y los debates en las ciencias sociales -- Transici&#xF3;n y transformaci&#xF3;n : sobre los cambios socio-polticos en Latinoam&#xE9;rica y Europa del Este / Nikolaus Werz -- La construcci&#xF3;n democr&#xE1;tica del orden deseado : notas sobre la lectura latinoamericana de Hannah Arendt en los escritos de Norbert Lechner (1970-1984) / Antonio Camou, Anabella Di Pego -- Los estudios sobre la memoria del pasado reciente argentino : debates intelectuales, preocupaciones pol&#xED;ticas e iniciativas institucionales en la conformaci&#xF3;n de un nuevo campo en las ciencias sociales / Mauricio Chama, Hern&#xE1;n Sorgentini -- Conflictos y controversias en la construcci&#xF3;n de la(s) memoria(s) en Argentina y Alemania -- La historia va al tribunal en La Plata : una vuelta de tuerca sobre comprender y juzgar / Mar&#xED;a Lucia Abbattista, Ana Mar&#xED;a Barletta, Laura Lenci -- Sitios de la memoria y de la cultura en Rostock : posibilidades de comparaci&#xF3;n con La Plata / Jan M&#xFC;ller -- El accionar de la diplomacia de la Rep&#xFA;blica Federal de Alemania frente a los presos pol&#xED;ticos oficiales durante la &#xFA;ltima dictadura militar en Argentina (1976-1983) / Angela Abmeier -- Cultura y memoria : entrecruzamientos y miradas transnacionales -- Suenjos de Esponja, lo p&#xFA;blico y lo privado en la cultura femenina sefard&#xED; de Sarajevo hacia 1930 / Gloria Chicote -- Discursos de la violencia y el Holocausto en el cine y literatura argentinos recientes / Graciela Wamba Gavina -- El desaparecido en la literatura argentina y espa&#xF1;ola : dos veces junio de Mart&#xED;n Kohan y Ayer no m&#xE1;s de Andr&#xE9;s Trapiello / Albrecht Buschmann -- Recepci&#xF3;n y construcci&#xF3;n de identidades -- Conceptos de revoluci&#xF3;n en Nueva Espa&#xF1;a y el R&#xED;o de la Plata en 1810 / Ralf Modlich -- La recepci&#xF3;n de Heidegger en la Argentina peronista (1946-1955) : cuatro casos contrapuestos -- Clara Ruvituso -- Sujeto, historia y memoria en la elaboraci&#xF3;n benjaminiana / Alberto An&#xED;bal P&#xE9;rez.</subfield>
  </datafield>
  <datafield tag="588" ind1="0" ind2=" ">
    <subfield code="a">Online resource; title from PDF title page (Digitalia, viewed April 30, 2019)</subfield>
  </datafield>
  <datafield tag="650" ind1=" " ind2="0">
    <subfield code="a">Collective memory in literature</subfield>
    <subfield code="v">Congresses.</subfield>
  </datafield>
  <datafield tag="650" ind1=" " ind2="0">
    <subfield code="a">Group identity in literature</subfield>
    <subfield code="v">Congresses.</subfield>
  </datafield>
  <datafield tag="650" ind1=" " ind2="0">
    <subfield code="a">European literature</subfield>
    <subfield code="y">20th century</subfield>
    <subfield code="x">Themes, motives</subfield>
    <subfield code="v">Congresses.</subfield>
  </datafield>
  <datafield tag="650" ind1=" " ind2="0">
    <subfield code="a">Spanish American literature</subfield>
    <subfield code="y">20th century</subfield>
    <subfield code="x">Themes, motives</subfield>
    <subfield code="v">Congresses.</subfield>
  </datafield>
  <datafield tag="650" ind1=" " ind2="0">
    <subfield code="a">Literature, Modern</subfield>
    <subfield code="y">21st century</subfield>
    <subfield code="x">History and criticism</subfield>
    <subfield code="v">Congresses.</subfield>
  </datafield>
  <datafield tag="650" ind1=" " ind2="0">
    <subfield code="a">Group identity in literature</subfield>
    <subfield code="v">Congresses.</subfield>
  </datafield>
  <datafield tag="655" ind1=" " ind2="0">
    <subfield code="a">Electronic books.</subfield>
  </datafield>
  <datafield tag="700" ind1="1" ind2=" ">
    <subfield code="a">Werz, Nikolaus,</subfield>
    <subfield code="d">1952-</subfield>
    <subfield code="e">editor.</subfield>
  </datafield>
  <datafield tag="700" ind1="1" ind2=" ">
    <subfield code="a">Ruvituso, Clara,</subfield>
    <subfield code="e">editor.</subfield>
  </datafield>
  <datafield tag="700" ind1="1" ind2=" ">
    <subfield code="a">Piovani, Juan Ignacio,</subfield>
    <subfield code="e">editor.</subfield>
  </datafield>
  <datafield tag="710" ind1="2" ind2=" ">
    <subfield code="a">Universit&#xE4;t Rostock</subfield>
    <subfield code="e">organizer.</subfield>
  </datafield>
  <datafield tag="710" ind1="2" ind2=" ">
    <subfield code="a">Universidad Nacional de La Plata,</subfield>
    <subfield code="e">organizer.</subfield>
  </datafield>
  <datafield tag="791" ind1="2" ind2=" ">
    <subfield code="a">Digitalia (Firm),</subfield>
    <subfield code="e">distributor.</subfield>
  </datafield>
  <datafield tag="793" ind1="0" ind2=" ">
    <subfield code="g">Digitalia eBook Collection:</subfield>
    <subfield code="a">Iberoamericana/Vervuert</subfield>
  </datafield>
  <datafield tag="776" ind1="0" ind2="8">
    <subfield code="i">Print version:</subfield>
    <subfield code="a">"Transiciones, Memorias e Identidades en Alemania y Argentina Contempor&#xE1;neas (Siglos XX y XXI)" (Workshop) (2013 : Universidad Nacional de La Plata).</subfield>
    <subfield code="t">Transiciones, memorias e identidades en Europa y Am&#xE9;rica Latina.</subfield>
    <subfield code="d">Madrid : Iberoamericana ; Frankfurt am Main : Vervuert, 2016</subfield>
    <subfield code="z">9788484899846</subfield>
    <subfield code="w">(DLC)  2016502943</subfield>
    <subfield code="w">(OCoLC)968157071</subfield>
  </datafield>
  <datafield tag="830" ind1=" " ind2="0">
    <subfield code="a">Bibliotheca Ibero-Americana ;</subfield>
    <subfield code="v">165.</subfield>
  </datafield>
  <datafield tag="856" ind1="4" ind2="0">
    <subfield code="3">Digitalia Hisp&#xE1;nica</subfield>
    <subfield code="u">https://www.digitaliapublishing.com/a/56716/</subfield>
  </datafield>
  <datafield tag="910" ind1=" " ind2=" ">
    <subfield code="a">Premium collection: 2019</subfield>
  </datafield>
  <datafield tag="942" ind1=" " ind2=" ">
    <subfield code="c">RAA</subfield>
  </datafield>
  <datafield tag="952" ind1=" " ind2=" ">
    <subfield code="0">0</subfield>
    <subfield code="1">0</subfield>
    <subfield code="4">0</subfield>
    <subfield code="7">0</subfield>
    <subfield code="8">DEH</subfield>
    <subfield code="a">BD-UIN</subfield>
    <subfield code="b">BD-UIN</subfield>
    <subfield code="d">2025-04-25</subfield>
    <subfield code="l">0</subfield>
    <subfield code="r">2025-04-25</subfield>
    <subfield code="w">2025-04-25</subfield>
    <subfield code="y">RAA</subfield>
  </datafield>
  <datafield tag="999" ind1=" " ind2=" ">
    <subfield code="c">255052</subfield>
    <subfield code="d">255052</subfield>
  </datafield>
</record>
